000 00629nam a2200157Ia 4500
008 100122s9999 xx 000 0 und d
082 _b69469
_a823
100 _aब्राऊन डॅन
245 _aद दा विंची कोड अनु - अजित ठाकूर
260 _bमेहता पब्लिशिंग हाऊस
_c2006
300 _a446
630 _aद दा विंची कोड अनु - अजित ठाकूर
700 _aठाकूर अजित
730 _aद दा विंची कोड अनु - अजित ठाकूर
942 _cBOOK
999 _c440765
_d440762